MDQL
is popping MORE tags! Check the
thread
!
Quizzes
Events
Quiz Creation
Community
Videos
Private Events
Remove Ads
Sign In
Join for FREE
Feedback
Dark Mode
Quiz Categories
Sports
Geography
Music
Movies
Television
Just For Fun
Miscellaneous
History
Literature
Language
Science
Gaming
Entertainment
Religion
Holiday
For Kids
Quiz Lab
Recent
Popular Today
Quiz Kudos Today
Editor Picks
Curator Picks
Quizzes by...
Day
Popularity
Type
Ratings
Length
Year
Community
Subscriptions
Recent Discussions
Orange Saloon
Badges
Playlists
Quests
Create
Leaderboards
Showdown
Live 5
Trivia Bingo
Activity
Puzzle Library
Sporcle Events
Private Events
Virtual Trivia
Globe League
Become a Host
Pub Owners
SporcleCon
Opinionation
Our Games
Videos
Blog
Mobile Apps
Partnerships
Remove Ads and Go Orange
Feedback
Movies
Disney
Marvel Cinematic Universe
Movie Resume
Movie Titles
Oscar
Actor
Actress
Director
Pixar
Role
Movie Quotes
Movie Characters
Box Office
Nominee
Best Picture
Star Wars
James Bond
Horror Movies
Movies
Disney
Marvel Cinematic Universe
Movie Resume
Movie Titles
Oscar
Actor
Actress
Director
Pixar
Role
Movie Quotes
Movie Characters
Box Office
Nominee
Best Picture
Star Wars
James Bond
Horror Movies
Random Quiz
Search Sporcle
×
Quiz Lab
Quiz Lab
Movies
Star Wars
Type in answers that appear in a list
Type in answers that appear in a list
Classic
Best Score? Go Orange.
Star Wars who doesn't belong? Stats
Can you name the Star Wars who doesn't belong??
By
gregozowow
4m
20 Questions
123 Plays
123 Plays
123 Plays
Comments
Comments
Give Quiz Kudos
Give Quiz Kudos
-
- Ratings
hide this ad
No Skip
Answers have to be entered in order without skipping
Answers have to be entered in order without skipping
Minefield
Wrong answers will end the quiz
Wrong answers will end the quiz
Wrong Answers
Some wrong answers will appear in red
Some wrong answers will appear in red
Replay
Link that replays current quiz
Next Quiz
Link to next quiz in quiz playlist
You Got
0%
They Got
Avg Score
75%
Avg Friend Score
Upgrade to see
Score Distribution
Jump to the score distribution portion of the page
Score
0/20
Timer
04:00
0
Plays Today
Hint
Answer
% Correct
?
???
100%
?
???
92.7%
?
???
91.1%
?
???
90.2%
?
???
85.4%
?
???
82.1%
?
???
81.3%
?
???
79.7%
?
???
74.8%
?
???
74%
Hint
Answer
% Correct
?
???
71.5%
?
???
69.1%
?
???
67.5%
?
???
66.7%
?
???
66.7%
?
???
65.9%
?
???
64.2%
?
???
62.6%
?
???
62.6%
?
???
57.7%
Quiz Playlist
Details
Report
Send in Message
Add To Playlist
Classic:
Type in answers that appear in a list
No Skip:
Answers have to be entered in order without skipping
Minefield:
Wrong answers will end the quiz
Wrong Answers:
Some wrong answers will appear in red
Last Updated: Feb 16, 2017
Quiz Scoreboard
CHALLENGE
Sign Up to Join the Scoreboard
Show All
Scores
Hide
Comments
May contain spoilers
Recently Published
Street Fighter Characters
by Artimus82
Gaming
60s
9x9 Crossword: Cartoon Network
by jackfrog10
Miscellaneous
3m
College Basketball Coaching Resumes
by pancakes188
Sports
9m
More to Explore
Quiz From the Vault
Featured Blog Post
Where Did the Easter Bunny Come From?
hide this ad
You Might Also Like...
Tags
Star Wars Quiz
War Quiz
doesnt
star
Today's Top Quizzes in Movies
Browse Movies
hide this ad
Today's Top Quizzes in Star Wars
Browse Star Wars
Top Contributed Quizzes in Movies
1
Pick 5 Posters: Directed by Spielberg
2
7-to-1: Pixar Characters
3
Pick 5 Posters: Lowest-Rated Spielberg
4
Hidden Star Wars Character II
5
Sorting Actors
6
Sorting Actresses
7
Pick 5 Posters: Directed by Scorsese
8
Hidden Star Wars Character III
9
Pick 5 Posters: Star & Director
10
Hidden Star Wars Character IV
Explore More
Trending Topics
Disney
NBA
Marvel
Harry Potter
Anime
Kpop
Crossword
Song
NFL
Soccer
WWE
The Office
Pokémon
Puzzle
Country
hide this ad
More By:
gregozowow
Quiz
Plays
Rating
Category
Featured
Created
Star wars quiz
151
2.00
Movies
Mar 10, 2016
Star Wars who doesn't belong?
123
1.00
Movies
Mar 9, 2016
Impossible Star Wars Quiz
102
1.50
Movies
Mar 9, 2016
Epic Star Wars 60 Second Blitz
94
1.33
Movies
Mar 9, 2016
Star Wars A-Z
72
2.50
Movies
Mar 12, 2016
Go to Creator's Profile
Score Distribution
Quiz Creator Spotlight
gregozowow
Follow
Send a Message
Quizzes Created
-
Created Quiz Play Count
-
More By This Creator
Popular Quizzes Today
1
Find the US States - No Outlines Minefield
2
Find the Countries of Europe - No Outlines Minefield
3
The Countries of the World
4
Find the US States
5
Risky Map Clicking: Biggest States A-Z
6
US States
7
Popular People in 1961
8
Movies - When Are They Set?
More Movies Quizzes
Decade Decisions - Best Supporting Actress Oscar Wins
Quiz Lab
Trending Quizzes
Risky Map Clicking: Least Populous States A-Z
1-10 Letter G Words
Risky Map Clicking: Next State Alphabetically
Adjectives in 80s TV Shows
The Seven Year Switch: Catherine
Recently Updated
Leaping Animals
pecheneg
Reality TV Shows (A-Z)
bhenderson79
Rickey Henderson's Hall of Fame Teammates
pecheneg
Champions League XIs: Arsenal
pecheneg
Quick Pick: Celebrities in WWE's Hall of Fame
aduchscher
A-Z Keypad Blitz II
pecheneg
Multiple Oscar Actors
pecheneg
Mystery Phrase Blitz: Oscar 'Best Actors'
pecheneg
F. Scott Fitzgerald Novels
LTH
Pick 3 Villains
ddd62291
Trending Topics
NBA
Kpop
Marvel
Harry Potter
Anime
Disney
Crossword
NFL
Puzzle
The Office
Country
Soccer
Pokémon
Song
WWE
Your Account Isn't Verified!
In order to create a playlist on Sporcle, you need to verify the email address you used during registration. Go to your
Sporcle Settings
to finish the process.
Report this User
Report this user for behavior that violates our
Community Guidelines
.
Details:
Send Report
Go to the Sporcle.com Mobile Site →
Comments